Ωριγένους φιλοσοφούμενα, ή, Κατα πάσων αιρέσεων έλεγχος = Origenis Philosophumena, sive, Omnium Haeresium Refutatio e codice pasirino
Saved in:
| Main Author: | |
|---|---|
| Other Authors: | |
| Format: | Book |
| Language: | Greek Latin |
| Published: |
Oxonii :
Typographei Academico,
1851.
|
| Subjects: | |
| Online Access: | http://hdl.handle.net/11610/16841 |
| Tags: |
Add Tag
No Tags, Be the first to tag this record!
|
MARC
| LEADER | 00000cam a2200000 a 4500 | ||
|---|---|---|---|
| 001 | 1/108574 | ||
| 008 | 150911s1851####enk| ||| |||| ||gre|| | ||
| 040 | |a GR-MyUa |b gre |c GR-MyUa |e AACR2 | ||
| 041 | 1 | |a gre |a lat |g lat | |
| 082 | 7 | |a 189.2 |2 (23) | |
| 100 | 0 | |a Ωριγένης, |d 185-254. | |
| 245 | 1 | 0 | |a Ωριγένους φιλοσοφούμενα, ή, Κατα πάσων αιρέσεων έλεγχος = |b Origenis Philosophumena, sive, Omnium Haeresium Refutatio e codice pasirino / |c nunc primum edidit Emmanuel Miller. |
| 246 | 1 | |i Παράλληλος τίτλος : |a Origenis Philosophumena, sive, Omnium Haeresium Refutatio | |
| 246 | 1 | |i Τίτλος ράχης : Ωριγένους Φιλοσοφούμενα. | |
| 260 | |a Oxonii : |b Typographei Academico, |c 1851. | ||
| 300 | |a xii, 348 σ. : |c 22 εκ. | ||
| 500 | |a Υπάρχει ψηφιακό αντίγραφο. | ||
| 500 | |a Στο verso υπάρχει ετικέτα "Ιπποκράτης Νικολάου τη Πορφυριάδι Σχολή των Καρλοβασίων" και στο recto υπάρχει σφραγίδα "Πορφυριάς Αστική Σχολή Καρλοβασίων" με ρα. 73. | ||
| 650 | 0 | |a Christian heresies |x History |y Early church, ca. 30-600. | |
| 700 | 1 | |a Miller, Emmanuel, |e aui | |
| 852 | |a INST |b SAMOS |c PORFYRIADA |e 20150911 |h 189.2 ΩΡΙ |p 005300042637 |q 005300042637 |t NOLOAN |y 23 | ||
| 856 | |u http://hdl.handle.net/11610/16841 | ||
| 970 | |a Σιτζίμη |b Γιασεμή |z 11/09/2015 | ||